Tiempos Del Cólera P170-180 - Statistics

General Stats
  • This quiz has been taken 4 times
  • The average score is 28 of 62
Answer Stats
Term Answer % Correct
Pezón Nipple
100%
Naranjo Orange Tree
100%
Afrenta Affront
50%
A Galope Tendido At Full Gallop
50%
Clavel Carnation
50%
Dije Charm
50%
Obnubilar Cloud
50%
Cubero Cooper
50%
Transcurso Course
50%
Resabiado Crafty
50%
Farragoso Cumbersome
50%
Demoler Demolish
50%
Desolado Desolate
50%
Rendido Devoted
50%
Alimenticio Dietary
50%
Cochero Driver
50%
Poltrona Easy Chair
50%
Bochorno Embarrassment
50%
Congestión Engorgement
50%
Ayunar Fast
50%
Maceta Flowerpot
50%
Tiesto Flowerpot
50%
Atiborrado Full Of
50%
Fumigar Fumigate
50%
Esgarrar Hock
50%
Hospitalario Hospitable
50%
Cohibido Inhibited
50%
Promotor Instigator
50%
Cornisa Ledge
50%
Cal Lime
50%
Hígado Liver
50%
Portón Main Door
50%
Mosquetero Musketeer
50%
Visillo Net Curtain
50%
En Ayunas On An Empty Stomach
50%
Azahar Orange Blossom
50%
Apestado Plague Ridden
50%
Cárdeno Purple
50%
Transido Racked
50%
Recóndito Remote
50%
Rencor Resentment
50%
Costurero Seamster
50%
Sevillano Sevillian
50%
Espátula Spatula
50%
Verba Speech
50%
Auscultación Stethoscope Exam
50%
Cerril Stubborn
50%
Ingrato Thankless
50%
Azulejo Tile
50%
Amígdala Tonsil
50%
Indomable Untameable
50%
Insólito Unusual
50%
Celo Zeal
50%
Tentativa Attempt
0%
Púdico Chaste
0%
Ofuscar Dazzle
0%
Reciente Fresh
0%
Intachable Impeccable
0%
Atril Lectern
0%
Recato Modesty
0%
Ínfimo Negligible
0%
Desagravio Reparation
0%
No matching quizzes found
Score Distribution
Percent of People with Each Score
Percentile by Number Answered
Your Score History
You have not taken this quiz